Bayān-i Iqbāl : (Record no. 329439)
[ view plain ]
| 000 -LEADER | |
|---|---|
| fixed length control field | 01640cam a22003735a 4500 |
| 001 - CONTROL NUMBER | |
| control field | 15351672 |
| 003 - CONTROL NUMBER IDENTIFIER | |
| control field | Nust |
| 005 - DATE AND TIME OF LATEST TRANSACTION | |
| control field | 20171116112418.0 |
| 008 - FIXED-LENGTH DATA ELEMENTS--GENERAL INFORMATION | |
| fixed length control field | 080702s2008 pk b 000 0 urd |
| 010 ## - LIBRARY OF CONGRESS CONTROL NUMBER | |
| LC control number | 2008310992 |
| 020 ## - INTERNATIONAL STANDARD BOOK NUMBER | |
| International Standard Book Number | 9789694164007 |
| 025 ## - OVERSEAS ACQUISITION NUMBER | |
| Overseas acquisition number | P-U-2008310992 ; 10 ; 11 |
| 040 ## - CATALOGING SOURCE | |
| Original cataloging agency | DLC |
| Transcribing agency | DLC |
| 042 ## - AUTHENTICATION CODE | |
| Authentication code | lcode |
| 043 ## - GEOGRAPHIC AREA CODE | |
| Geographic area code | az----- |
| 050 00 - LIBRARY OF CONGRESS CALL NUMBER | |
| Classification number | PK2199.I65 |
| Item number | Z5885 2008 |
| 066 ## - CHARACTER SETS PRESENT | |
| Alternate G0 or G1 character set | (3 |
| -- | (4 |
| 082 ## - DEWEY DECIMAL CLASSIFICATION NUMBER | |
| Classification number | 891.43101 |
| Author Mark | AWA |
| 100 1# - MAIN ENTRY--PERSONAL NAME | |
| Linkage | 880-01 |
| Personal name | Aʻvān, Irshād Shākir. |
| 9 (RLIN) | 94 |
| 245 10 - TITLE STATEMENT | |
| Linkage | 880-02 |
| Title | Bayān-i Iqbāl : |
| Remainder of title | nayā tanāẓur / |
| Statement of responsibility, etc. | Irshād Shākir Aʻvān. |
| 260 ## - PUBLICATION, DISTRIBUTION, ETC. | |
| Linkage | 880-03 |
| Place of publication, distribution, etc. | Lāhore : |
| Name of publisher, distributor, etc. | Iqbāl Acādamī Pākistān, |
| Date of publication, distribution, etc. | 2008. |
| 300 ## - PHYSICAL DESCRIPTION | |
| Extent | 206 p. ; |
| Dimensions | 23 cm. |
| 504 ## - BIBLIOGRAPHY, ETC. NOTE | |
| Bibliography, etc. note | Includes bibliographical references (p. 203-206). |
| 520 ## - SUMMARY, ETC. | |
| Summary, etc. | Critical study on some unique aspects of the thoughts of Sir Muhammad Iqbal, 1877-1938, Urdu and Persian poet and South Asian philosopher. |
| 546 ## - LANGUAGE NOTE | |
| Language note | In Urdu. |
| 600 10 - SUBJECT ADDED ENTRY--PERSONAL NAME | |
| Linkage | 880-04 |
| Personal name | Iqbal, Muhammad, |
| Titles and other words associated with a name | Sir, |
| Dates associated with a name | 1877-1938 |
| General subdivision | Criticism and interpretation. |
| 9 (RLIN) | 6 |
| 710 2# - ADDED ENTRY--CORPORATE NAME | |
| Linkage | 880-05 |
| Corporate name or jurisdiction name as entry element | Iqbal Academy (Lahore, Pakistan) |
| 9 (RLIN) | 8 |
| 880 1# - ALTERNATE GRAPHIC REPRESENTATION | |
| Linkage | 100-01/(3/r |
| Title | اعوان، ارشاد شاکر. |
| 880 10 - ALTERNATE GRAPHIC REPRESENTATION | |
| Linkage | 245-02/(3/r |
| Title | بيان اقبال : |
| b | نيا تناظر / |
| c | ارشاد شاکر اعوان. |
| 880 ## - ALTERNATE GRAPHIC REPRESENTATION | |
| Linkage | 260-03/(3/r |
| Title | لاهور : |
| b | اقبال اکادمى پاکستان، |
| c | 2008. |
| 880 14 - ALTERNATE GRAPHIC REPRESENTATION | |
| Linkage | 600-04/(3/r |
| Title | اقبال، محمد، |
| d | 1877-1938. |
| 880 2# - ALTERNATE GRAPHIC REPRESENTATION | |
| Linkage | 710-05/(3/r |
| Title | اقبال اکادمى پاکستان. |
| 906 ## - LOCAL DATA ELEMENT F, LDF (RLIN) | |
| a | 7 |
| b | ibc |
| c | origode |
| d | 3 |
| e | ncip |
| f | 20 |
| g | y-nonroman |
| 942 ## - ADDED ENTRY ELEMENTS (KOHA) | |
| Source of classification or shelving scheme | |
| Koha item type | Book |
| Withdrawn status | Lost status | Source of classification or shelving scheme | Damaged status | Not for loan | Permanent Location | Current Location | Shelving location | Date acquired | Total Checkouts | Full call number | Barcode | Date last seen | Date last checked out | Copy number | Price effective from | Koha item type |
|---|---|---|---|---|---|---|---|---|---|---|---|---|---|---|---|---|
| Central Library (CL) | Central Library (CL) | Book Cart | 05/05/2017 | 1 | 928.91439 AWA | CL2134 | 11/20/2021 | 11/05/2021 | 1 | 05/05/2017 | Book |
